Dynamic aspects of host parasite relationship. V 1. (Record no. 30130)

MARC details
000 -LEADER
fixed length control field 00323nam a2200121Ia 4500
082 ## - DEWEY DECIMAL CLASSIFICATION NUMBER
Classification number 576.8
Item number ZUC
100 ## - MAIN ENTRY--AUTHOR NAME
Personal name WEISS, D W
245 #0 - TITLE STATEMENT
Title Dynamic aspects of host parasite relationship. V 1.
260 ## - PUBLICATION, DISTRIBUTION, ETC. (IMPRINT)
Place of publication London
Name of publisher Academic
Year of publication 1973
700 ## - ADDED ENTRY--PERSONAL NAME
Personal name ZUCKERMAN, Avivah
942 ## - ADDED ENTRY ELEMENTS (KOHA)
Koha item type Books
Holdings
Withdrawn status Lost status Damaged status Not for loan Home library Current library Date acquired Full call number Accession Number Koha item type
        RRII Library RRII Library 16/12/2021 576.8 ZUC 10708 Books